Catálogo
 En Linea

Catálogo : (Registro nro. 30065)

Detalles MARC
000 -CABECERA
campo de control de longitud fija 00628nam a2200169 a 4500
001 - NÚMERO DE CONTROL
campo de control 000030573
005 - FECHA Y HORA DE LA ÚLTIMA TRANSACCIÓN
campo de control 20200930062403.0
008 - DATOS DE LONGITUD FIJA--INFORMACIÓN GENERAL
campo de control de longitud fija 110524s1918 sp 000 0 spa d
040 ## - FUENTE DE LA CATALOGACIÓN
Centro catalogador/agencia de origen DO-SdBNP
Lengua de catalogación spa
Centro/agencia transcriptor BNPHU
049 ## - FONDOS LOCALES (OCLC)
Fondos de biblioteca BNPD
110 1# - ENTRADA PRINCIPAL--NOMBRE DE ENTIDAD CORPORATIVA
Nombre de entidad corporativa o nombre de jurisdicción como elemento de entrada España
Unidad subordinada Archivo General de Indias
9 (RLIN) 57180
245 10 - MENCIÓN DE TÍTULO
Título Catálogo :
Resto del título cuadro general de la documentación.
260 ## - PUBLICACIÓN, DISTRIBUCIÓN, ETC.
Lugar de publicación, distribución, etc. Sevilla, :
Nombre del editor, distribuidor, etc. Zarzuela, Alvarez Quintero,
Fecha de publicación, distribución, etc. 1918.
300 ## - DESCRIPCIÓN FÍSICA
Extensión 165 p. ;
Dimensiones 23 cm.
490 1# - MENCIÓN DE SERIE
Mención de serie Centro oficial de estudios americanistas.
-- Biblioteca colonial americana
Designación de volumen o secuencia 1
830 #0 - PUNTO DE ACCESO ADICIONAL DE SERIE-TÍTULO UNIFORME
Título uniforme Centro oficial de estudios americanistas.
Nombre de parte o sección de la obra Biblioteca colonial americana
Designación de volumen o secuencia 1
9 (RLIN) 57181
Existencias
Estado de retiro Estado de pérdida Restricciones de uso No para préstamo Código de colección Localización permanente Ubicación/localización actual Ubicación en estantería Fecha de adquisición Número de inventario Total de préstamos Signatura topográfica completa Código de barras Fecha visto por última vez Precio válido a partir de Tipo de ítem Koha Nota pública
      Excluido de préstamo Raros y valiosos Patrimonio Dominicano Patrimonio Dominicano En catalogación 24.05.2011 LF1   30573-10 25.06.2020 25.06.2020 No se presta Perteneció a la biblioteca personal de Julio Ortega Frier y Rafael Andrés Ortega.

Con tecnología Koha